社史II(昭和36年~50年)

Đã lưu trong:
书目详细资料
企业作者: 富士通株式会社
格式: 图书
语言:Undetermined
出版: 東京 富士通株式会社 1976
主题:
标签: 添加标签
没有标签, 成为第一个标记此记录!
Thư viện lưu trữ: Trung tâm Học liệu Trường Đại học Cần Thơ
LEADER 00515nam a2200193Ia 4500
001 CTU_94401
008 210402s9999 xx 000 0 und d
082 |a 338.8 
082 |b S533 
110 |a 富士通株式会社 
245 0 |a 社史II(昭和36年~50年) 
245 0 |c 富士通株式会社 
260 |a 東京 
260 |b 富士通株式会社 
260 |c 1976 
650 |a Corporations 
650 |x Japan 
904 |i Ngoc 
980 |a Trung tâm Học liệu Trường Đại học Cần Thơ